00918nac a22002411u 4500010001600000020001500016035002000031082001800051090001500069100003400084245003200118246002700150260011800177300003900295500002600334504004700360511002600407650004300433650004700476942002000523999001500543952011800558 a 98115352 a0866364374 a(OCoLC)3558876004a728.0973bBRE c8084d8084 aBreeze, Carla. 10aNew modern /cCarla Breeze.1 aCreative living spaces aGlen Cove, NY :bShowcase Edition, PBC International ;aNew York, NY :bDistributor in the U.S., Rizzoli,cc1995. a155, [5] p. :bcol. ill. ;c31 cm. adistributer: Al-Ahram aIncludes bibliography:p.188-189 and index. acatalogued by: wessam 0aArchitecture, DomesticzUnited States. 0aArchitecturezUnited Statesy20th century. cBBk728.0973BRE c8084d8084 00104070aMAINbMAINc2NDd2008-02-21ePurchasel1o728.0973BREp000009864r2025-07-15 00:00:00s2008-08-19yBB